Manažment výuky cudzích jazykov

Podobnosti v riadení podnikov a iných inštitúcií ako napr. vzdelávacích inštitúcií. Riadenie vzdelávacích inštitúcií. Manažment v inštitúciách, v ktorých sa vyučujú cudzie jazyky. Manažéri a ich vzdelávanie.

Saved in:
Bibliographic Details
Main Author: Bričová, Zuzana
Other Authors: Urbančíková, Kristína
Format: Book Chapter
Language:Slovak
Subjects:
Tags: Add Tag
No Tags, Be the first to tag this record!

MARC

LEADER 00000nla a2200000 4500
001 0164321
005 20240502072851.1
041 0 |a slo 
044 |a SK 
245 1 0 |a Manažment výuky cudzích jazykov  |c Zuzana Bričová, Kristína Urbančíková 
520 |a Podobnosti v riadení podnikov a iných inštitúcií ako napr. vzdelávacích inštitúcií. Riadenie vzdelávacích inštitúcií. Manažment v inštitúciách, v ktorých sa vyučujú cudzie jazyky. Manažéri a ich vzdelávanie. 
610 2 0 |a jazyky cudzie 
610 2 0 |a vyučovanie 
610 2 0 |a manažment 
610 2 0 |a vzdelávanie 
610 2 0 |a inštitúcie vzdelávacie 
100 1 |a Bričová, Zuzana 
700 1 |a Urbančíková, Kristína